[Event "FIDE World Rapid-ch Open 2018"]
[White "Smirin, Ilia"]
[Black "Potapov, Pavel"]
[Site "St. Petersburg"]
[Round "14.55"]
[Annotator "ChessBase"]
[Result "1/2-1/2"]
[Date "2018.12.28"]
[WhiteElo "2609"]
[BlackElo "2516"]
[PlyCount "104"]
[TimeControl "900+10"]

1. e4 {[%emt 0:0:0]} c5 {[%emt 0:0:0]} 2. Nf3 {[%emt 0:0:0]} Nc6 {[%emt 0:0:0]
} 3. Bb5 {[%emt 0:0:0]} g6 {[%emt 0:0:0]} 4. c3 {[%emt 0:0:0]} Bg7 {[%emt 0:0:5]} 5. d4 {[%emt 0:0:0]} cxd4 {[%emt 0:0:54]} 6. cxd4 {[%emt 0:0:0]} a6 {[%emt 0:0:23]} 7. Ba4 {[%emt 0:0:13]} b5 {[%emt 0:0:58]
} 8. Bb3 {[%emt 0:0:7]} Na5 {[%emt 0:0:41]} 9. Bd5 {[%emt 0:1:3]} Rb8 {[%emt 0:0:41]
} 10. e5 {[%emt 0:0:13]} e6 {[%emt 0:0:42]} 11. Be4 {[%emt 0:0:0]} f5 {[%emt 0:0:27]} 12. Bd3 {[%emt 0:1:9]} Ne7 {[%emt 0:0:12]} 13. h4 {[%emt 0:0:31]} h6 {[%emt 0:0:13]} 14. Nc3 {[%emt 0:0:37]} Bb7 {[%emt 0:0:0]} 15. Ne2 {[%emt 0:0:53]} Bxf3 {[%emt 0:1:5]} 16. gxf3 {[%emt 0:0:2]
} Nd5 {[%emt 0:0:2]} 17. h5 {[%emt 0:2:42]} g5 {[%emt 0:0:13]} 18. f4 {[%emt 0:0:1]
} g4 {[%emt 0:0:14]} 19. f3 {[%emt 0:0:27]} gxf3 {[%emt 0:0:0]} 20. Ng1 {[%emt 0:0:2]} f2+ {[%emt 0:2:15]} 21. Kxf2 {[%emt 0:0:3]} Qb6 {[%emt 0:0:1]} 22. Nf3 {[%emt 0:0:33]} Nc6 {[%emt 0:0:4]} 23. Bc2 {[%emt 0:1:36]
} Bf8 {[%emt 0:4:0]} 24. Bb3 {[%emt 0:0:10]} Nc7 {[%emt 0:0:0]} 25. Qg1 {[%emt 0:0:42]} Ne7 {[%emt 0:0:53]} 26. Be3 {[%emt 0:0:7]} Rg8 {[%emt 0:0:5]} 27. Qe1 {[%emt 0:0:57]} Ncd5 {[%emt 0:0:4]} 28. Rg1 {[%emt 0:0:3]
} Rg4 {[%emt 0:0:18]} 29. Qd2 {[%emt 0:1:44]} a5 {[%emt 0:0:0]} 30. Nh2 {[%emt 0:0:16]} Rxg1 {[%emt 0:0:50]} 31. Rxg1 {[%emt 0:0:5]} Nxe3 {[%emt 0:0:3]} 32. Kxe3 {[%emt 0:0:52]} a4 {[%emt 0:0:3]} 33. Bd1 {[%emt 0:0:25]
} Nd5+ {[%emt 0:0:52]} 34. Kf2 {[%emt 0:0:10]} Bb4 {[%emt 0:0:0]} 35. Qd3 {[%emt 0:1:9]} Nxf4 {[%emt 0:0:17]} 36. Qe3 {[%emt 0:0:1]} Nd5 {[%emt 0:1:1]} 37. Rg8+ {[%emt 0:0:5]} Kf7 {[%emt 0:0:51]} 38. Rxb8 {[%emt 0:0:10]
} Qxb8 {[%emt 0:0:2]} 39. Qxh6 {[%emt 0:0:4]} Qg8 {[%emt 0:0:0]} 40. Nf3 {[%emt 0:0:16]} Be7 {[%emt 0:0:6]} 41. Bc2 {[%emt 0:1:8]} Qg4 {[%emt 0:0:13]} 42. Bd3 {[%emt 0:0:36]} Bh4+ {[%emt 0:0:8]} 43. Nxh4 {[%emt 0:0:20]
} Qxd4+ {[%emt 0:0:32]} 44. Kg2 {[%emt 0:0:13]} Qg4+ {[%emt 0:0:0]} 45. Kf1 {[%emt 0:0:3]} Qxh4 {[%emt 0:0:17]} 46. Qh7+ {[%emt 0:0:39]
} Ke8 {[%emt 0:0:13]} 47. Qg8+ {[%emt 0:0:3]} Ke7 {[%emt 0:0:2]} 48. Qg7+ {[%emt 0:0:2]} Kd8 {[%emt 0:0:6]} 49. Qf8+ {[%emt 0:0:5]} Kc7 {[%emt 0:0:0]} 50. Qc5+ {[%emt 0:0:4]} Kd8 {[%emt 0:0:3]} 51. Qf8+ {[%emt 0:0:2]
} Kc7 {[%emt 0:0:1]} 52. Qc5+ {[%emt 0:0:10]} Kd8 {[%emt 0:0:2]} 1/2-1/2

[Event "FIDE World Rapid-ch Open 2018"]
[White "Demidov, Mikhail"]
[Black "Kevlishvili, Robby"]
[Site "St. Petersburg"]
[Round "14.56"]
[Annotator "ChessBase"]
[Result "1-0"]
[Date "2018.12.28"]
[WhiteElo "2520"]
[BlackElo "2451"]
[PlyCount "81"]
[TimeControl "900+10"]

1. Nf3 {[%emt 0:0:0]} d5 {[%emt 0:0:0]} 2. g3 {[%emt 0:0:0]} g6 {[%emt 0:0:0]} 3. Bg2 {[%emt 0:0:0]} Bg7 {[%emt 0:0:0]} 4. 0-0 {[%emt 0:0:0]} e5 {[%emt 0:0:1]} 5. d3 {[%emt 0:0:0]} Ne7 {[%emt 0:0:4]} 6. c4 {[%emt 0:0:0]} 0-0 {[%emt 0:0:11]} 7. cxd5 {[%emt 0:0:31]} Nxd5 {[%emt 0:0:2]} 8. Bg5 {[%emt 0:0:4]} Ne7 {[%emt 0:0:46]} 9. Nc3 {[%emt 0:1:7]} Nbc6 {[%emt 0:0:0]} 10. Qd2 {[%emt 0:0:12]} f6 {[%emt 0:0:46]} 11. Be3 {[%emt 0:0:29]} Nf5 {[%emt 0:0:10]} 12. Bc5 {[%emt 0:0:16]} Re8 {[%emt 0:0:6]} 13. Rac1 {[%emt 0:0:13]
} Ncd4 {[%emt 0:0:25]} 14. Rfd1 {[%emt 0:3:22]} c6 {[%emt 0:0:0]} 15. e3 {[%emt 0:0:41]} Nxf3+ {[%emt 0:1:7]} 16. Bxf3 {[%emt 0:0:2]} Be6 {[%emt 0:0:19]} 17. Qc2 {[%emt 0:0:39]} b6 {[%emt 0:0:12]} 18. Ba3 {[%emt 0:0:9]
} Rc8 {[%emt 0:0:3]} 19. b4 {[%emt 0:1:57]} Qd7 {[%emt 0:0:0]} 20. Bg2 {[%emt 0:0:16]} Red8 {[%emt 0:1:47]} 21. Bb2 {[%emt 0:1:6]} Qf7 {[%emt 0:0:19]} 22. Qb1 {[%emt 0:0:17]} h5 {[%emt 0:0:53]} 23. h3 {[%emt 0:0:13]
} Bh6 {[%emt 0:0:10]} 24. Re1 {[%emt 0:0:24]} Ne7 {[%emt 0:0:0]} 25. a3 {[%emt 0:1:34]} Rd7 {[%emt 0:0:24]} 26. Rcd1 {[%emt 0:0:41]} Rcd8 {[%emt 0:0:21]} 27. d4 {[%emt 0:0:41]} exd4 {[%emt 0:0:55]} 28. exd4 {[%emt 0:0:7]
} Nf5 {[%emt 0:0:13]} 29. b5 {[%emt 0:0:30]} Rxd4 {[%emt 0:0:0]} 30. Rxd4 {[%emt 0:1:8]} Nxd4 {[%emt 0:1:8]} 31. bxc6 {[%emt 0:0:1]} Bd2 {[%emt 0:0:30]} 32. Rxe6 {[%emt 0:2:3]} Nxe6 {[%emt 0:2:30]} 33. Nd5 {[%emt 0:0:1]
} Bh6 {[%emt 0:0:30]} 34. Nxf6+ {[%emt 0:0:38]} Kh8 {[%emt 0:0:0]} 35. Bd5 {[%emt 0:0:23]} Rxd5 {[%emt 0:2:9]} 36. Nxd5+ {[%emt 0:0:0]} Bg7 {[%emt 0:0:2]} 37. Bxg7+ {[%emt 0:0:16]} Kxg7 {[%emt 0:0:2]} 38. Qb2+ {[%emt 0:0:5]} Kh7 {[%emt 0:0:2]} 39. Qe5 {[%emt 0:0:5]} Nc5 {[%emt 0:0:17]
} 40. c7 {[%emt 0:0:16]} Nd3 {[%emt 0:0:3]} 41. Qe7 {[%emt 0:0:0]} 1-0

[Event "FIDE World Rapid-ch Open 2018"]
[White "Kazhgaleyev, Murtas"]
[Black "Tsydypov, Zhamsaran"]
[Site "St. Petersburg"]
[Round "14.57"]
[Annotator "ChessBase"]
[Result "0-1"]
[Date "2018.12.28"]
[WhiteElo "2587"]
[BlackElo "2529"]
[PlyCount "68"]
[TimeControl "900+10"]

1. d4 {[%emt 0:0:3]} Nf6 {[%emt 0:0:0]} 2. c4 {[%emt 0:0:2]} e6 {[%emt 0:0:0]} 3. Nc3 {[%emt 0:0:1]} Bb4 {[%emt 0:0:0]} 4. e3 {[%emt 0:0:1]} 0-0 {[%emt 0:0:10]} 5. Bd3 {[%emt 0:0:2]} d5 {[%emt 0:0:19]} 6. cxd5 {[%emt 0:0:0]} exd5 {[%emt 0:0:2]} 7. Nge2 {[%emt 0:0:2]} b6 {[%emt 0:0:30]} 8. 0-0 {[%emt 0:0:4]} Bb7 {[%emt 0:0:7]} 9. a3 {[%emt 0:0:19]} Bd6 {[%emt 0:0:0]} 10. b4 {[%emt 0:0:11]} c6 {[%emt 0:0:3]} 11. Rb1 {[%emt 0:0:45]} a5 {[%emt 0:0:21]} 12. f3 {[%emt 0:0:48]} axb4 {[%emt 0:0:3]} 13. axb4 {[%emt 0:0:2]
} Na6 {[%emt 0:4:21]} 14. e4 {[%emt 0:0:12]} dxe4 {[%emt 0:0:0]} 15. fxe4 {[%emt 0:0:2]} Be7 {[%emt 0:0:2]} 16. Bg5 {[%emt 0:2:41]} Nxb4 {[%emt 0:2:34]} 17. Bxf6 {[%emt 0:1:35]} gxf6 {[%emt 0:0:3]} 18. Rf3 {[%emt 0:1:7]
} Ra5 {[%emt 0:1:30]} 19. e5 {[%emt 0:2:17]} fxe5 {[%emt 0:0:0]} 20. Bf5 {[%emt 0:0:59]} exd4 {[%emt 0:0:25]} 21. Ne4 {[%emt 0:0:10]} d3 {[%emt 0:0:34]} 22. N2g3 {[%emt 0:0:16]} Qd4+ {[%emt 0:0:59]} 23. Kh1 {[%emt 0:0:2]
} Kh8 {[%emt 0:1:41]} 24. Rf4 {[%emt 0:0:53]} Qg7 {[%emt 0:0:0]} 25. Qh5 {[%emt 0:0:48]} Rg8 {[%emt 0:0:15]} 26. h3 {[%emt 0:0:49]} Ra1 {[%emt 0:1:7]} 27. Rxa1 {[%emt 0:1:30]} Qxa1+ {[%emt 0:0:1]} 28. Kh2 {[%emt 0:0:1]
} Rg7 {[%emt 0:0:4]} 29. Qh6 {[%emt 0:0:11]} Qe5 {[%emt 0:0:0]} 30. Nh5 {[%emt 0:0:48]} Nd5 {[%emt 0:0:21]} 31. Nf2 {[%emt 0:2:30]} Bg5 {[%emt 0:0:28]} 32. Qxg7+ {[%emt 0:0:3]} Qxg7 {[%emt 0:0:2]} 33. Nxg7 {[%emt 0:0:2]
} Bxf4+ {[%emt 0:0:2]} 34. g3 {[%emt 0:0:2]} Be3 {[%emt 0:0:0]} 0-1

[Event "FIDE World Rapid-ch Open 2018"]
[White "Sanal, Vahap"]
[Black "Jumabayev, Rinat"]
[Site "St. Petersburg"]
[Round "14.58"]
[Annotator "ChessBase"]
[Result "0-1"]
[Date "2018.12.28"]
[WhiteElo "2490"]
[BlackElo "2602"]
[PlyCount "192"]
[TimeControl "900+10"]

1. e4 {[%emt 0:0:0]} e6 {[%emt 0:0:0]} 2. d4 {[%emt 0:0:0]} d5 {[%emt 0:0:0]} 3. Nd2 {[%emt 0:0:0]} c5 {[%emt 0:0:0]} 4. exd5 {[%emt 0:0:4]} Qxd5 {[%emt 0:0:0]} 5. Ngf3 {[%emt 0:0:2]} cxd4 {[%emt 0:0:1]} 6. Bc4 {[%emt 0:0:5]
} Qd7 {[%emt 0:0:1]} 7. 0-0 {[%emt 0:0:14]} a6 {[%emt 0:0:9]
} 8. a4 {[%emt 0:0:5]} Nc6 {[%emt 0:0:21]} 9. Qe2 {[%emt 0:0:24]} Nf6 {[%emt 0:0:23]
} 10. Nb3 {[%emt 0:0:7]} Bd6 {[%emt 0:0:38]} 11. Rd1 {[%emt 0:0:0]} Qc7 {[%emt 0:2:57]} 12. Nbxd4 {[%emt 0:0:11]} Nxd4 {[%emt 0:0:19]} 13. Rxd4 {[%emt 0:0:4]} Bd7 {[%emt 0:1:11]} 14. Bg5 {[%emt 0:2:2]} Bc6 {[%emt 0:2:41]
} 15. Bxe6 {[%emt 0:2:3]} Bxf3 {[%emt 0:0:18]} 16. Qxf3 {[%emt 0:0:19]
} fxe6 {[%emt 0:0:28]} 17. Bxf6 {[%emt 0:0:44]} 0-0 {[%emt 0:0:0]} 18. Rg4 {[%emt 0:1:12]} Bxh2+ {[%emt 0:0:21]} 19. Kh1 {[%emt 0:0:13]
} Be5 {[%emt 0:0:36]} 20. Bxe5 {[%emt 0:1:38]} Qxe5 {[%emt 0:0:2]} 21. Qg3 {[%emt 0:1:3]} Qxb2 {[%emt 0:1:25]} 22. Re1 {[%emt 0:0:3]} Rae8 {[%emt 0:0:0]} 23. c3 {[%emt 0:2:1]} Re7 {[%emt 0:0:11]} 24. Kg1 {[%emt 0:0:9]} Qd2 {[%emt 0:0:12]} 25. Rge4 {[%emt 0:0:4]} Rc8 {[%emt 0:2:6]} 26. R1e3 {[%emt 0:1:47]
} Qd1+ {[%emt 0:0:12]} 27. Re1 {[%emt 0:0:4]} Qd7 {[%emt 0:0:0]} 28. R1e3 {[%emt 0:1:0]} h6 {[%emt 0:1:37]} 29. Qg4 {[%emt 0:0:15]} Rc6 {[%emt 0:0:47]} 30. Re5 {[%emt 0:0:16]} Rd6 {[%emt 0:0:7]} 31. a5 {[%emt 0:0:0]} Rd1+ {[%emt 0:0:37]} 32. Kh2 {[%emt 0:0:2]} Rd5 {[%emt 0:0:13]} 33. g3 {[%emt 0:0:21]} Rxe5 {[%emt 0:0:7]} 34. Rxe5 {[%emt 0:0:1]} Rf7 {[%emt 0:0:15]
} 35. Qe2 {[%emt 0:0:7]} Qc7 {[%emt 0:0:23]} 36. Rxe6 {[%emt 0:1:37]
} Qxa5 {[%emt 0:0:2]} 37. c4 {[%emt 0:0:15]} Qf5 {[%emt 0:0:0]} 38. Kg1 {[%emt 0:0:6]} Kh7 {[%emt 0:0:10]} 39. Re5 {[%emt 0:0:5]} Qb1+ {[%emt 0:0:3]} 40. Kg2 {[%emt 0:0:2]} Qb6 {[%emt 0:0:5]} 41. c5 {[%emt 0:0:27]
} Qc6+ {[%emt 0:0:2]} 42. Kg1 {[%emt 0:0:2]} Qg6 {[%emt 0:0:0]} 43. Re6 {[%emt 0:0:14]} Qb1+ {[%emt 0:0:1]} 44. Kg2 {[%emt 0:0:2]} a5 {[%emt 0:0:5]} 45. Qc4 {[%emt 0:0:53]} Qf5 {[%emt 0:0:8]} 46. f4 {[%emt 0:0:0]} Rd7 {[%emt 0:0:13]} 47. Re5 {[%emt 0:0:45]} Qb1 {[%emt 0:0:25]} 48. Re2 {[%emt 0:0:52]} Rd1 {[%emt 0:0:5]} 49. Qe4+ {[%emt 0:0:26]} Qxe4+ {[%emt 0:0:2]
} 50. Rxe4 {[%emt 0:0:1]} Rc1 {[%emt 0:0:8]} 51. Re7 {[%emt 0:0:6]
} Rb1 {[%emt 0:0:2]} 52. f5 {[%emt 0:0:10]} Kg8 {[%emt 0:0:0]} 53. Rc7 {[%emt 0:0:8]} Rb5 {[%emt 0:0:17]} 54. Kf3 {[%emt 0:0:21]} a4 {[%emt 0:0:0]} 55. Ke4 {[%emt 0:0:13]} a3 {[%emt 0:0:3]} 56. Rc8+ {[%emt 0:0:3]
} Kf7 {[%emt 0:0:2]} 57. Ra8 {[%emt 0:0:2]} Rb3 {[%emt 0:0:0]} 58. Ke5 {[%emt 0:0:12]} Re3+ {[%emt 0:0:37]} 59. Kf4 {[%emt 0:0:13]} Rc3 {[%emt 0:0:6]} 60. Ra7 {[%emt 0:0:15]} Kf6 {[%emt 0:0:1]} 61. g4 {[%emt 0:0:13]
} Rxc5 {[%emt 0:0:43]} 62. Rxa3 {[%emt 0:0:4]} Rc4+ {[%emt 0:0:0]} 63. Kf3 {[%emt 0:0:6]} Kg5 {[%emt 0:0:2]} 64. Ra7 {[%emt 0:0:27]} Rf4+ {[%emt 0:0:9]} 65. Ke3 {[%emt 0:0:1]} Rb4 {[%emt 0:0:1]} 66. Kf3 {[%emt 0:0:5]
} Rb3+ {[%emt 0:0:8]} 67. Ke4 {[%emt 0:0:1]} Kxg4 {[%emt 0:0:0]} 68. Ra4 {[%emt 0:0:1]} Kg5 {[%emt 0:0:5]} 69. Ra1 {[%emt 0:0:14]} Kf6 {[%emt 0:0:13]} 70. Rg1 {[%emt 0:0:18]} Rb4+ {[%emt 0:0:18]} 71. Ke3 {[%emt 0:0:1]
} h5 {[%emt 0:0:27]} 72. Rg6+ {[%emt 0:0:2]} Kxf5 {[%emt 0:0:0]} 73. Rxg7 {[%emt 0:0:1]} h4 {[%emt 0:0:12]} 74. Rg8 {[%emt 0:0:11]} Rb3+ {[%emt 0:0:7]} 75. Kf2 {[%emt 0:0:12]} h3 {[%emt 0:0:4]} 76. Rf8+ {[%emt 0:0:2]
} Ke4 {[%emt 0:0:4]} 77. Rh8 {[%emt 0:0:20]} b5 {[%emt 0:0:0]} 78. Rh4+ {[%emt 0:0:4]} Kd5 {[%emt 0:0:1]} 79. Rh5+ {[%emt 0:0:6]} Kc6 {[%emt 0:0:1]} 80. Ke2 {[%emt 0:0:15]} Kb6 {[%emt 0:0:13]} 81. Kd2 {[%emt 0:0:2]
} Ka5 {[%emt 0:0:1]} 82. Kc2 {[%emt 0:0:4]} Rg3 {[%emt 0:0:0]} 83. Rh4 {[%emt 0:0:6]} b4 {[%emt 0:0:4]} 84. Rh8 {[%emt 0:0:6]} Ka4 {[%emt 0:0:4]} 85. Ra8+ {[%emt 0:0:13]} Kb5 {[%emt 0:0:1]} 86. Rh8 {[%emt 0:0:2]
} b3+ {[%emt 0:0:10]} 87. Kb2 {[%emt 0:0:1]} Kc5 {[%emt 0:0:0]} 88. Rd8 {[%emt 0:0:30]} Kc4 {[%emt 0:0:2]} 89. Rc8+ {[%emt 0:0:7]} Kd4 {[%emt 0:0:3]} 90. Re8 {[%emt 0:0:2]} Re3 {[%emt 0:0:6]} 91. Rh8 {[%emt 0:0:18]
} Ke4 {[%emt 0:0:4]} 92. Kc1 {[%emt 0:0:2]} Rd3 {[%emt 0:0:0]} 93. Rf8 {[%emt 0:0:26]} Rf3 {[%emt 0:0:1]} 94. Rh8 {[%emt 0:0:6]} Ke3 {[%emt 0:0:7]} 95. Rh7 {[%emt 0:0:41]} Kf2 {[%emt 0:0:6]} 96. Kd2 {[%emt 0:0:8]
} Kg2 {[%emt 0:0:4]} 0-1

[Event "FIDE World Rapid-ch Open 2018"]
[White "Vishnu Prasanna. V"]
[Black "Bindrich, Falko"]
[Site "St. Petersburg"]
[Round "14.59"]
[Annotator "ChessBase"]
[Result "0-1"]
[Date "2018.12.28"]
[WhiteElo "2518"]
[BlackElo "2606"]
[PlyCount "56"]
[TimeControl "900+10"]

1. e4 {[%emt 0:0:0]} e5 {[%emt 0:0:0]} 2. Nf3 {[%emt 0:0:0]} Nf6 {[%emt 0:0:0]
} 3. Nxe5 {[%emt 0:0:2]} d6 {[%emt 0:0:0]} 4. Nc4 {[%emt 0:0:0]} Nxe4 {[%emt 0:0:0]} 5. Qe2 {[%emt 0:0:2]} Qe7 {[%emt 0:0:3]} 6. Ne3 {[%emt 0:0:3]} Nf6 {[%emt 0:0:13]} 7. b3 {[%emt 0:0:50]} Nc6 {[%emt 0:0:0]} 8. Bb2 {[%emt 0:0:2]} Be6 {[%emt 0:0:1]} 9. g3 {[%emt 0:0:28]} 0-0-0 {[%emt 0:0:12]} 10. Bg2 {[%emt 0:0:6]} d5 {[%emt 0:0:2]} 11. d4 {[%emt 0:0:23]
} g6 {[%emt 0:0:56]} 12. Nd2 {[%emt 0:1:33]} Bh6 {[%emt 0:0:0]} 13. 0-0 {[%emt 0:0:22]} Rhe8 {[%emt 0:1:9]} 14. Rfe1 {[%emt 0:1:11]} Qd7 {[%emt 0:0:7]} 15. Qf3 {[%emt 0:1:33]} Ng4 {[%emt 0:0:30]} 16. a3 {[%emt 0:2:49]
} Nxe3 {[%emt 0:0:48]} 17. fxe3 {[%emt 0:0:3]} Bg4 {[%emt 0:0:0]} 18. Qf2 {[%emt 0:0:4]} Bh3 {[%emt 0:0:21]} 19. Bh1 {[%emt 0:0:35]} Qf5 {[%emt 0:2:7]} 20. c4 {[%emt 0:2:36]} Qd3 {[%emt 0:0:57]} 21. cxd5 {[%emt 0:1:38]
} Bxe3 {[%emt 0:0:1]} 22. Rxe3 {[%emt 0:0:2]} Rxe3 {[%emt 0:0:0]} 23. Nc4 {[%emt 0:1:23]} Re2 {[%emt 0:1:20]} 24. dxc6 {[%emt 0:1:1]} Rxf2 {[%emt 0:0:31]} 25. cxb7+ {[%emt 0:0:2]} Kb8 {[%emt 0:0:2]} 26. Kxf2 {[%emt 0:0:2]} Re8 {[%emt 0:0:41]} 27. Rc1 {[%emt 0:1:48]} Re2+ {[%emt 0:0:0]} 28. Kg1 {[%emt 0:0:1]} Rxb2 {[%emt 0:0:13]} 0-1

[Event "FIDE World Rapid-ch Open 2018"]
[White "Bosiocic, Marin"]
[Black "AL-Sayed, Mohammed"]
[Site "St. Petersburg"]
[Round "14.60"]
[Annotator "ChessBase"]
[Result "1/2-1/2"]
[Date "2018.12.28"]
[WhiteElo "2599"]
[BlackElo "2484"]
[PlyCount "61"]
[TimeControl "900+10"]

1. d4 {[%emt 0:0:0]} d5 {[%emt 0:0:0]} 2. c4 {[%emt 0:0:0]} c6 {[%emt 0:0:0]} 3. Nf3 {[%emt 0:0:0]} Nf6 {[%emt 0:0:0]} 4. e3 {[%emt 0:0:0]} Bf5 {[%emt 0:0:0]} 5. Nc3 {[%emt 0:0:0]} e6 {[%emt 0:0:0]} 6. Nh4 {[%emt 0:0:0]} Bg6 {[%emt 0:0:1]} 7. Nxg6 {[%emt 0:0:4]} hxg6 {[%emt 0:0:2]} 8. Bd2 {[%emt 0:0:1]} Qc7 {[%emt 0:0:11]} 9. h3 {[%emt 0:0:4]} Nbd7 {[%emt 0:0:0]} 10. cxd5 {[%emt 0:0:2]} exd5 {[%emt 0:0:58]} 11. Bd3 {[%emt 0:0:3]
} Be7 {[%emt 0:0:15]} 12. Qf3 {[%emt 0:0:25]} Nb6 {[%emt 0:0:34]} 13. 0-0-0 {[%emt 0:0:9]} 0-0-0 {[%emt 0:2:18]} 14. Kb1 {[%emt 0:0:3]} Kb8 {[%emt 0:0:0]} 15. Rc1 {[%emt 0:0:8]} Qd7 {[%emt 0:0:36]} 16. g4 {[%emt 0:0:7]} Qe6 {[%emt 0:0:2]} 17. Rhe1 {[%emt 0:1:1]} Nc4 {[%emt 0:0:32]} 18. Bxc4 {[%emt 0:0:50]
} dxc4 {[%emt 0:0:1]} 19. Rcd1 {[%emt 0:0:21]} Ka8 {[%emt 0:0:0]} 20. Bc1 {[%emt 0:1:36]} Nd5 {[%emt 0:1:14]} 21. e4 {[%emt 0:0:36]} Nb4 {[%emt 0:0:1]} 22. d5 {[%emt 0:0:17]} Qf6 {[%emt 0:0:1]} 23. Qxf6 {[%emt 0:1:1]
} gxf6 {[%emt 0:0:1]} 24. dxc6 {[%emt 0:0:18]} bxc6 {[%emt 0:0:0]} 25. Rh1 {[%emt 0:0:56]} Nd3 {[%emt 0:0:36]} 26. Be3 {[%emt 0:0:31]} Rb8 {[%emt 0:0:55]} 27. b3 {[%emt 0:1:12]} Rhd8 {[%emt 0:0:4]} 28. Kc2 {[%emt 0:0:54]
} Nb4+ {[%emt 0:2:22]} 29. Kb1 {[%emt 0:0:25]} Nd3 {[%emt 0:0:0]} 30. Kc2 {[%emt 0:0:0]} Nb4+ {[%emt 0:0:56]} 31. Kb1 {[%emt 0:0:1]} 1/2-1/2

[Event "FIDE World Rapid-ch Open 2018"]
[White "Aronian, Levon"]
[Black "Popov, Ivan"]
[Site "St. Petersburg"]
[Round "14.61"]
[Annotator "TA"]
[Result "1/2-1/2"]
[Date "2018.12.28"]
[WhiteElo "2765"]
[BlackElo "2592"]
[PlyCount "110"]

1. e4 {} c5 2. Nf3 Nf6 3. e5 Nd5 4. Nc3 Nxc3 5. dxc3 Nc6 6. Bf4 e6 7. Qd2 h6 {B29: Sicilian: 2 Nf3 Nf6 (Nimzowitsch Variation)} 8. h4 Qc7 {LiveBook:
13 Games} 9. Rh3 $146 ({Predecessor:} 9. h5 a6 10. c4 b6 11. Be2 Bb7 12. c3 0-0-0 13. 0-0-0 Ne7 14. Qd6 g5 15. Qxc7+ Kxc7 {1/2-1/2 (48) Khanin,S (2510)
-Kokarev,D (2604) St Petersburg 2018} )a6 {White is slightly better.} 10. Qe3 b5 11. a4 b4 (11... Rb8 $11 {keeps the balance.} )12. Nd2 $16 bxc3 13. bxc3 Ne7 {[#]} 14. Nc4 $1 {} Nd5 15. Qd2 Bb7 16. Rg3 Qd8 17. Rg4 h5 18. Rg5 g6 (18... a5 $14 )19. Bd3 Rg8 20. Bg3 Bc6 21. Kf1 (21. Nd6+ $1 $14 Bxd6 22. exd6 )Be7 $36 { White is under pressure.} 22. f4 Nb6 23. Nd6+ Bxd6 24. exd6 f5 25. Qe3 Kf7 26. Qxc5 Nd5 {} 27. c4 Nf6 28. Bf2 Ne4 29. Qe5 (29. Bxe4 $5 Bxe4 30. Rc1 $15 )Qf6 {
White must now prevent ...Qxe5.} 30. Bxe4 Qxe5 31. fxe5 Bxe4 32. Rg3 (32. Bb6 $1 $11 )Bxc2 33. Bb6 Rab8 34. c5 Be4 (34... g5 $5 )35. Rg5 Bc6 36. Ke2 Rh8 37. Ke3 Rhg8 38. Kf4 Rh8 39. Rg3 Rhg8 40. Ra2 Kg7 41. a5 Kh6 42. Rb2 Rb7 43. Rg5 Rf8 44. Rb4 Rg8 45. Kg3 Rf8 46. Kf2 Rg8 47. Rf4 Rbb8 48. Ke3 Rgf8 49. Rf3 Bxf3 50. gxf3 $15 { Endgame KRR-KRB} Rfc8 {Black wants to play .
..Kg7.} 51. Kf4 Rc6 52. Rg1 Rbc8 53. Rc1 Rb8 54. Rg1 Rbc8 55. Rc1 $1 Rb8 {
Precision: White = 74%, Black = 47%.} (55... Rh8 $17 56. Rg1 Rg8 )1/2-1/2

[Event "FIDE World Rapid-ch Open 2018"]
[White "Najer, Evgeniy"]
[Black "Sokolin, Leonid"]
[Site "St. Petersburg"]
[Round "14.62"]
[Annotator "ChessBase"]
[Result "1-0"]
[Date "2018.12.28"]
[WhiteElo "2670"]
[BlackElo "2508"]
[PlyCount "65"]
[TimeControl "900+10"]

1. e4 {[%emt 0:2:3]} e6 {[%emt 0:0:0]} 2. d4 {[%emt 0:0:2]} d5 {[%emt 0:0:0]} 3. Nc3 {[%emt 0:0:1]} Nf6 {[%emt 0:0:6]} 4. e5 {[%emt 0:0:4]} Nfd7 {[%emt 0:0:1]} 5. f4 {[%emt 0:0:1]} c5 {[%emt 0:0:1]} 6. Nf3 {[%emt 0:0:2]
} Nc6 {[%emt 0:0:1]} 7. Be3 {[%emt 0:0:1]} Be7 {[%emt 0:0:0]} 8. dxc5 {[%emt 0:0:24]} Nxc5 {[%emt 0:0:14]} 9. Qd2 {[%emt 0:0:14]} a6 {[%emt 0:0:22]} 10. Qf2 {[%emt 0:1:9]} Qa5 {[%emt 0:0:27]} 11. Bd3 {[%emt 0:1:58]
} Nb4 {[%emt 0:1:40]} 12. Qe2 {[%emt 0:0:44]} b5 {[%emt 0:0:0]} 13. 0-0 {[%emt 0:3:20]} Nbxd3 {[%emt 0:0:7]} 14. cxd3 {[%emt 0:0:2]} b4 {[%emt 0:0:3]} 15. Nd1 {[%emt 0:0:25]} Bd7 {[%emt 0:4:7]} 16. Nf2 {[%emt 0:0:9]
} 0-0 {[%emt 0:0:17]} 17. Nd4 {[%emt 0:0:49]} Rfc8 {[%emt 0:0:0]} 18. Ng4 {[%emt 0:0:12]} h5 {[%emt 0:0:40]} 19. Nf6+ {[%emt 0:0:13]} gxf6 {[%emt 0:0:42]} 20. Qxh5 {[%emt 0:0:2]} Qd8 {[%emt 0:4:40]} 21. Rf3 {[%emt 0:0:19]
} Qf8 {[%emt 0:0:1]} 22. Rg3+ {[%emt 0:0:12]} Qg7 {[%emt 0:0:0]} 23. Rxg7+ {[%emt 0:1:19]} Kxg7 {[%emt 0:0:1]} 24. f5 {[%emt 0:0:2]} Rh8 {[%emt 0:0:14]} 25. Qg4+ Kf8 26. fxe6 {[%emt 0:0:11]} Nxe6 {[%emt 0:0:0]} 27. Rf1 {[%emt 0:0:49]} Ke8 {[%emt 0:1:54]} 28. exf6 Bd6 29. h3 {[%emt 0:1:3]
} Nxd4 {[%emt 0:1:20]} 30. Qxd4 {[%emt 0:0:19]} Be6 {[%emt 0:0:0]} 31. Qb6 {[%emt 0:0:16]} Rd8 {[%emt 0:0:21]} 32. Qc6+ {[%emt 0:0:2]} Kf8 {[%emt 0:0:41]} 33. Bb6 {[%emt 0:0:4]} 1-0

[Event "FIDE World Rapid-ch Open 2018"]
[White "Drygalov, Andrey"]
[Black "Khismatullin, Denis"]
[Site "St. Petersburg"]
[Round "14.63"]
[Annotator "ChessBase"]
[Result "1-0"]
[Date "2018.12.28"]
[WhiteElo "2481"]
[BlackElo "2621"]
[PlyCount "93"]
[TimeControl "900+10"]

1. e4 {[%emt 0:0:0]} c5 {[%emt 0:0:0]} 2. Nf3 {[%emt 0:0:0]} d6 {[%emt 0:0:0]} 3. Bb5+ {[%emt 0:0:0]} Nd7 {[%emt 0:0:0]} 4. 0-0 {[%emt 0:0:8]} a6 {[%emt 0:0:1]} 5. Bd3 {[%emt 0:0:2]} Ngf6 {[%emt 0:0:41]} 6. Re1 {[%emt 0:0:1]
} e6 {[%emt 0:1:5]} 7. c3 {[%emt 0:0:20]} b5 {[%emt 0:0:5]} 8. a4 {[%emt 0:0:16]} c4 {[%emt 0:1:53]} 9. Bc2 {[%emt 0:0:2]} Rb8 {[%emt 0:0:9]
} 10. axb5 {[%emt 0:0:46]} axb5 {[%emt 0:0:2]} 11. d4 {[%emt 0:0:44]
} cxd3 {[%emt 0:0:16]} 12. Qxd3 {[%emt 0:0:37]} Bb7 {[%emt 0:0:0]} 13. b4 {[%emt 0:2:1]} Be7 {[%emt 0:0:4]} 14. Bf4 {[%emt 0:0:45]} e5 {[%emt 0:0:20]} 15. Bg3 {[%emt 0:0:26]} 0-0 {[%emt 0:0:14]} 16. Nbd2 {[%emt 0:0:4]
} Qc7 {[%emt 0:0:21]} 17. Bb3 {[%emt 0:0:11]} Bc6 {[%emt 0:0:0]} 18. Bh4 {[%emt 0:3:38]} Nb6 {[%emt 0:0:53]} 19. Bxf6 {[%emt 0:1:21]} Bxf6 {[%emt 0:0:4]} 20. Nf1 {[%emt 0:0:5]} Qb7 {[%emt 0:0:24]} 21. Ng3 {[%emt 0:1:7]
} Rbd8 {[%emt 0:1:12]} 22. Nh5 {[%emt 0:2:43]} Be7 {[%emt 0:0:0]} 23. Qe3 {[%emt 0:0:2]} Bd7 {[%emt 0:3:27]} 24. Ra5 {[%emt 0:0:34]} Rc8 {[%emt 0:0:32]} 25. h3 {[%emt 0:0:49]} Rc7 {[%emt 0:1:12]} 26. Nxe5 {[%emt 0:1:8]
} dxe5 {[%emt 0:1:37]} 27. Qg3 {[%emt 0:0:1]} g6 {[%emt 0:0:0]} 28. Qxe5 {[%emt 0:0:1]} gxh5 {[%emt 0:0:2]} 29. Qxe7 {[%emt 0:0:2]} Rc6 {[%emt 0:0:51]} 30. Rxb5 {[%emt 0:0:4]} Rg6 {[%emt 0:0:22]} 31. Rxh5 {[%emt 0:0:7]
} Rxg2+ {[%emt 0:0:58]} 32. Kh1 {[%emt 0:0:28]} Rg6 {[%emt 0:0:0]} 33. Rxh7 {[%emt 0:0:55]} Kxh7 {[%emt 0:0:18]} 34. Qxf8 {[%emt 0:0:0]} Be6 {[%emt 0:0:18]} 35. Bxe6 {[%emt 0:0:3]} fxe6 {[%emt 0:0:14]} 36. Qf3 {[%emt 0:1:7]} Nc4 {[%emt 0:0:11]} 37. Rg1 {[%emt 0:0:12]} Rh6 {[%emt 0:0:8]
} 38. Qg4 {[%emt 0:0:11]} Qf7 {[%emt 0:0:5]} 39. b5 {[%emt 0:0:0]} Ne5 {[%emt 0:0:11]} 40. Qg3 {[%emt 0:0:1]} Rg6 {[%emt 0:0:5]} 41. Qh4+ {[%emt 0:0:5]} Rh6 {[%emt 0:0:4]} 42. Qg3 {[%emt 0:0:0]} Ng6 {[%emt 0:0:11]
} 43. b6 {[%emt 0:0:35]} Nf4 {[%emt 0:0:12]} 44. b7 {[%emt 0:0:0]} Nxh3 {[%emt 0:0:23]} 45. Qg8+ {[%emt 0:0:5]} Qxg8 {[%emt 0:0:7]} 46. Rxg8 {[%emt 0:0:1]} Kxg8 {[%emt 0:0:14]} 47. b8=Q+ {[%emt 0:0:2]} 1-0